[Event "Madrid-chT 1920"]
[Site "Madrid"]
[Date "2020.03.01"]
[Round "11.3"]
[White "Garcia Salamero, Gabriel"]
[Black "Martin Duque, Jesus"]
[Result "0-1"]
[WhiteElo "2167"]
[BlackElo "2423"]
[PlyCount "150"]
[EventDate "2019.11.24"]
[EventType "team-tourn"]
[EventRounds "14"]
[EventCountry "ESP"]
[SourceVersionDate "2019.11.24"]
[WhiteTeam "Getafe"]
[BlackTeam "Collado Villalba"]
[WhiteTeamCountry "ESP"]
[BlackTeamCountry "ESP"]

1. e4 c5 2. Nf3 e6 3. d4 cxd4 4. Nxd4 Nc6 5. Nc3 Qc7 6. g3 a6 7. Nde2 Bc5 8.
Bg2 Nf6 9. h3 h5 10. Nf4 Ba7 11. Nd3 d6 12. O-O Ne5 13. Nxe5 dxe5 14. Qe2 Bd7
15. Be3 Bd4 16. Rfd1 Bxc3 17. bxc3 Qxc3 18. Rab1 Bb5 19. Rxb5 axb5 20. Qxb5+
Qc6 21. Qxe5 O-O 22. Qg5 Qxc2 23. Rc1 Qd3 24. Rc7 Nxe4 25. Qe5 Qd1+ 26. Kh2 Qd6
27. Qxd6 Nxd6 28. Bc5 Rfd8 29. a3 Ra5 30. Bb4 Rf5 31. Rc2 f6 32. h4 Re5 33. Bf3
b5 34. Rd2 Nf7 35. Rc2 Nh6 36. Rc7 Rf5 37. Kg2 Ng4 38. Rc2 Re5 39. Rc6 Rd3 40.
Rc2 Kh7 41. Be2 Rxe2 42. Rxe2 e5 43. Rd2 Rb3 44. Re2 Kg6 45. Bc5 Rc3 46. Bb4
Rd3 47. Bc5 Rd5 48. Bf8 Kf7 49. Bb4 Nh6 50. Rc2 Nf5 51. Rc7+ Ke8 52. Rb7 Kd8
53. Rb8+ Kc7 54. Rh8 e4 55. Rg8 Kc6 56. Rc8+ Kd7 57. Rg8 Re5 58. Kg1 Re8 59.
Rxe8 Kxe8 60. Kf1 Kd7 61. Bf8 Ke6 62. Kg2 g6 63. Bb4 Nd4 64. Kf1 Nc2 65. Bf8
Kd5 66. Ke2 Kc4 67. Be7 f5 68. Kd2 Kb3 69. Bf8 Nxa3 70. Ke3 Nc2+ 71. Kf4 Kc4
72. Kg5 b4 73. Bxb4 Nxb4 74. Kxg6 Nd3 75. Kxf5 Nxf2 0-1

[Event "Madrid-chT 1920"]
[Site "Madrid"]
[Date "2020.03.01"]
[Round "11.5"]
[White "Garcia Dorado, Alberto"]
[Black "Suarez Uriel, Adrian"]
[Result "1/2-1/2"]
[WhiteElo "2170"]
[BlackElo "2354"]
[PlyCount "52"]
[EventDate "2019.11.24"]
[EventType "team-tourn"]
[EventRounds "14"]
[EventCountry "ESP"]
[SourceVersionDate "2019.11.24"]
[WhiteTeam "Getafe"]
[BlackTeam "Collado Villalba"]
[WhiteTeamCountry "ESP"]
[BlackTeamCountry "ESP"]

1. d4 Nf6 2. c4 g6 3. g3 c5 4. Nf3 cxd4 5. Nxd4 d5 6. Bg2 e5 7. Nf3 d4 8. O-O
Nc6 9. e3 d3 10. Nc3 Bf5 11. e4 Nxe4 12. Nxe4 Bxe4 13. Nxe5 Bxg2 14. Re1 Be7
15. Nxc6 Bxc6 16. Bg5 f6 17. Bxf6 O-O 18. Bxe7 Qd4 19. Bxf8 Rxf8 20. Re3 Qxb2
21. Qf1 d2 22. Rd1 Ba4 23. Rd3 Bxd1 24. Qxd1 Qxa2 25. Qxd2 Qxc4 26. Rd7 Rf7
1/2-1/2

[Event "Madrid-chT 1920"]
[Site "Madrid"]
[Date "2020.03.01"]
[Round "11.6"]
[White "Lianes Garcia, Marcos"]
[Black "Guerrero Villanueva, David"]
[Result "1-0"]
[WhiteElo "2357"]
[BlackElo "1985"]
[PlyCount "94"]
[EventDate "2019.11.24"]
[EventType "team-tourn"]
[EventRounds "14"]
[EventCountry "ESP"]
[SourceVersionDate "2019.11.24"]
[WhiteTeam "Collado Villalba"]
[BlackTeam "Getafe"]
[WhiteTeamCountry "ESP"]
[BlackTeamCountry "ESP"]

1. d4 d5 2. c4 c6 3. Nf3 e6 4. e3 f5 5. b3 Nf6 6. Bb2 Bd6 7. Be2 O-O 8. Nbd2
Nbd7 9. Ne5 Ne4 10. O-O Rf6 11. f4 Rh6 12. Nxe4 dxe4 13. g3 g5 14. d5 Nxe5 15.
fxe5 Bc5 16. Bd4 Bxd4 17. Qxd4 cxd5 18. Rad1 Qb6 19. cxd5 exd5 20. Qxd5+ Be6
21. Qd4 Rc8 22. Bc4 Bxc4 23. bxc4 Qe6 24. Qxa7 Qxe5 25. Qxb7 Qc5 26. Rd4 Rf8
27. Qd5+ Qxd5 28. Rxd5 Rhf6 29. g4 f4 30. Rxg5+ Kh8 31. Re5 fxe3 32. Rxf6 Rxf6
33. Rxe4 Ra6 34. Rxe3 Rxa2 35. Rc3 Ra6 36. Kf2 Kg7 37. c5 Rc6 38. Kf3 Kf6 39.
Ke4 Ke6 40. h3 Kd7 41. Kf5 Ke7 42. h4 Rf6+ 43. Ke5 Rc6 44. Kd5 Kd7 45. Rf3 Rg6
46. g5 Rg7 47. Ra3 Kd8 1-0

[Event "Madrid-chT 1920"]
[Site "Madrid"]
[Date "2020.03.01"]
[Round "11.1"]
[White "Elissalt Cardenas, Hector"]
[Black "Reyes Larena, Juan"]
[Result "0-1"]
[WhiteElo "2284"]
[BlackElo "2448"]
[PlyCount "58"]
[EventDate "2019.11.24"]
[EventType "team-tourn"]
[EventRounds "14"]
[EventCountry "ESP"]
[SourceVersionDate "2019.11.24"]
[WhiteTeam "Tajamar"]
[BlackTeam "San Sebastian de los Reyes"]
[WhiteTeamCountry "ESP"]
[BlackTeamCountry "ESP"]

1. d4 Nf6 2. c4 g6 3. f3 d6 4. e4 Bg7 5. Nc3 c6 6. Nge2 Nbd7 7. Be3 a6 8. Qd2
b5 9. c5 O-O 10. O-O-O Qa5 11. Qc2 dxc5 12. dxc5 e5 13. Kb1 Re8 14. Nc1 Nf8 15.
Be2 Be6 16. Rd2 Rab8 17. Nd1 N8d7 18. Nf2 Bf8 19. Nfd3 b4 20. Bd1 Bxa2+ 21.
Nxa2 b3 22. Qxb3 Rxb3 23. Bxb3 Nxc5 24. Bxf7+ Kxf7 25. b4 Rb8 26. Nxe5+ Kg8 27.
Nxc6 Qb5 28. Nxb8 Qxb8 29. e5 Ne8 0-1

[Event "Madrid-chT 1920"]
[Site "Madrid"]
[Date "2020.03.01"]
[Round "11.2"]
[White "Reyes Penas, Sebastian"]
[Black "Rodriguez Lopez, David"]
[Result "1-0"]
[WhiteElo "2266"]
[BlackElo "2160"]
[PlyCount "125"]
[EventDate "2019.11.24"]
[EventType "team-tourn"]
[EventRounds "14"]
[EventCountry "ESP"]
[SourceVersionDate "2019.11.24"]
[WhiteTeam "San Sebastian de los Reyes"]
[BlackTeam "Tajamar"]
[WhiteTeamCountry "ESP"]
[BlackTeamCountry "ESP"]

1. e4 e5 2. Nf3 Nc6 3. Bb5 a6 4. Ba4 Nf6 5. d3 b5 6. Bb3 Be7 7. O-O d6 8. c3
O-O 9. Re1 Na5 10. Bc2 c5 11. Nbd2 Qc7 12. Nf1 Re8 13. h3 Nc6 14. Ng3 h6 15.
Nh4 Bf8 16. Qf3 Nh7 17. Nhf5 Ne7 18. Bb3 Nxf5 19. Nxf5 c4 20. dxc4 bxc4 21. Ba4
Re6 22. Ne3 Ng5 23. Qe2 Rg6 24. Kh2 Be6 25. Nd5 Qa5 26. Bc2 Nxe4 27. Bxe4 Bxd5
28. Bxg6 fxg6 29. Qg4 Qb6 30. Re2 Bf7 31. f4 Re8 32. Be3 Qb5 33. Rf1 Kh7 34.
fxe5 Be6 35. Qg3 dxe5 36. Ref2 Be7 37. Re2 Bf5 38. Rfe1 Bd3 39. Rf2 Rf8 40.
Rxf8 Bxf8 41. Qf2 Bd6 42. Bxh6 e4+ 43. Bf4 Bxf4+ 44. Qxf4 Qxb2 45. Re3 Qxc3 46.
Qh4+ Kg8 47. Qxe4 Qa3 48. Qxg6 Qf8 49. Qe8 Qxe8 50. Rxe8+ Kf7 51. Re3 a5 52.
Kg3 a4 53. a3 Bc2 54. Kf4 Kf6 55. h4 g6 56. g4 Bd1 57. g5+ Kf7 58. Ke5 Bc2 59.
Kd6 Bb3 60. Re7+ Kf8 61. Rc7 Ke8 62. Ke5 Kd8 63. Rc5 1-0

[Event "Madrid-chT 1920"]
[Site "Madrid"]
[Date "2020.03.01"]
[Round "11.3"]
[White "Mkrtchyan, Levon"]
[Black "Martinez Fernandez, Raul"]
[Result "1/2-1/2"]
[WhiteElo "2225"]
[BlackElo "2214"]
[PlyCount "102"]
[EventDate "2019.11.24"]
[EventType "team-tourn"]
[EventRounds "14"]
[EventCountry "ESP"]
[SourceVersionDate "2019.11.24"]
[WhiteTeam "Tajamar"]
[BlackTeam "San Sebastian de los Reyes"]
[WhiteTeamCountry "ESP"]
[BlackTeamCountry "ESP"]

1. e4 e5 2. Nf3 Nc6 3. Bc4 Nf6 4. d3 Bc5 5. c3 d6 6. Nbd2 O-O 7. O-O Bb6 8. h3
Ne7 9. Re1 Ng6 10. Nf1 d5 11. exd5 Nxd5 12. Nxe5 Nxe5 13. Rxe5 Bxf2+ 14. Kxf2
Qf6+ 15. Qf3 Qxe5 16. d4 Qd6 17. Bxd5 c6 18. Bb3 Be6 19. Bf4 Qd8 20. Bc2 Qb6
21. Qe4 g6 22. Bh6 Rfe8 23. Qh4 Qd8 24. Qxd8 Raxd8 25. Ne3 f6 26. Bf4 Kg7 27.
Rd1 Rd7 28. c4 Red8 29. d5 cxd5 30. Ba4 d4 31. Bxd7 dxe3+ 32. Bxe3 Rxd7 33.
Rxd7+ Bxd7 34. Bxa7 g5 35. Ke3 h5 36. b4 h4 37. b5 Kf7 38. Kd4 Bf5 39. c5 Ke7
40. Bb8 Kd7 41. a4 g4 42. hxg4 Bxg4 43. Bf4 h3 44. gxh3 Bxh3 45. a5 Bg2 46. Kc4
Bf3 47. Kb4 Bg2 48. c6+ bxc6 49. b6 Kc8 50. a6 c5+ 51. Kxc5 Bf3 1/2-1/2

[Event "Madrid-chT 1920"]
[Site "Madrid"]
[Date "2020.03.01"]
[Round "11.4"]
[White "Quevedo Marin, Manuel"]
[Black "Ingunza Curro, Andres"]
[Result "1/2-1/2"]
[WhiteElo "2204"]
[BlackElo "215"]
[PlyCount "67"]
[EventDate "2019.11.24"]
[EventType "team-tourn"]
[EventRounds "14"]
[EventCountry "ESP"]
[SourceVersionDate "2019.11.24"]
[WhiteTeam "San Sebastian de los Reyes"]
[BlackTeam "Tajamar"]
[WhiteTeamCountry "ESP"]
[BlackTeamCountry "ESP"]

1. d4 Nf6 2. c4 e6 3. Nc3 Bb4 4. e3 b6 5. Nge2 Ne4 6. Qc2 Bb7 7. a3 Bxc3+ 8.
Nxc3 Nxc3 9. Qxc3 d6 10. b4 Nd7 11. c5 Nf6 12. Bb5+ c6 13. Be2 O-O 14. O-O a5
15. Bb2 Ba6 16. Bxa6 Rxa6 17. Qd3 Ra8 18. cxd6 Qxd6 19. e4 Qe7 20. Bc3 axb4 21.
axb4 Rfd8 22. Qe3 h6 23. h3 Ne8 24. Qg3 Qc7 25. Qg4 Rxa1 26. Rxa1 c5 27. bxc5
bxc5 28. Ba5 Qa7 29. dxc5 Rc8 30. Bc3 Qxc5 31. Bb2 Qb5 32. Bd4 Rd8 33. Be3 Qe5
34. Ra4 1/2-1/2

[Event "Madrid-chT 1920"]
[Site "Madrid"]
[Date "2020.03.01"]
[Round "11.5"]
[White "Martinez Aragon, Aitor"]
[Black "Alfaya Marcelo, Roberto"]
[Result "0-1"]
[WhiteElo "2071"]
[BlackElo "2144"]
[PlyCount "82"]
[EventDate "2019.11.24"]
[EventType "team-tourn"]
[EventRounds "14"]
[EventCountry "ESP"]
[SourceVersionDate "2019.11.24"]
[WhiteTeam "Tajamar"]
[BlackTeam "San Sebastian de los Reyes"]
[WhiteTeamCountry "ESP"]
[BlackTeamCountry "ESP"]

1. Nf3 Nf6 2. b3 g6 3. Bb2 Bg7 4. g3 O-O 5. Bg2 d5 6. c4 c6 7. O-O Bf5 8. d3
Qc8 9. Re1 Bh3 10. Bh1 Rd8 11. Nbd2 Qf5 12. Qc2 dxc4 13. Nxc4 Na6 14. a3 Qh5
15. b4 Rac8 16. Bc3 b5 17. Ncd2 c5 18. Qb2 cxb4 19. axb4 Rxc3 20. Rxa6 Nd5 21.
d4 Rdc8 22. Rxa7 Rc2 23. Qb3 Rxd2 24. Nxd2 Bxd4 25. Bxd5 Qxe2 26. Qd1 Bxf2+ 27.
Kh1 Qxd1 28. Rxd1 Bxa7 29. Ne4 Bg4 30. Rf1 Kh8 31. Bxf7 Rc1 32. Kg2 Bh3+ 33.
Kxh3 Rxf1 34. Be8 Rb1 35. Bxb5 Rxb4 36. Bc6 Rb2 37. Ng5 Kg7 38. Nf3 Be3 39. Kh4
Kf6 40. h3 Rb4+ 41. g4 Bf2# 0-1

[Event "Madrid-chT 1920"]
[Site "Madrid"]
[Date "2020.03.01"]
[Round "11.6"]
[White "Hernandez Ramos, David"]
[Black "Sahuquillo Cruz, Alejandro"]
[Result "1-0"]
[WhiteElo "2060"]
[BlackElo "1988"]
[PlyCount "123"]
[EventDate "2019.11.24"]
[EventType "team-tourn"]
[EventRounds "14"]
[EventCountry "ESP"]
[SourceVersionDate "2019.11.24"]
[WhiteTeam "San Sebastian de los Reyes"]
[BlackTeam "Tajamar"]
[WhiteTeamCountry "ESP"]
[BlackTeamCountry "ESP"]

1. d4 Nf6 2. c4 g6 3. Nc3 Bg7 4. e4 d6 5. h3 Nbd7 6. Be3 e5 7. d5 Nc5 8. Qc2 a5
9. Nf3 O-O 10. g4 Re8 11. Be2 Bd7 12. Nd2 h6 13. O-O-O Nh7 14. Rdg1 c6 15. h4
a4 16. g5 h5 17. Rd1 Qa5 18. Ndb1 Red8 19. dxc6 Bxc6 20. Nd5 Bxd5 21. Rxd5 Nf8
22. Rhd1 Nfe6 23. Nc3 a3 24. b3 Nd4 25. Bxd4 exd4 26. Nb5 Qb4 27. Nxd4 Bxd4 28.
R5xd4 Ra6 29. e5 Ne6 30. Qd2 Qc5 31. Rxd6 Re8 32. Qe3 Qb4 33. Kc2 Nc5 34. R6d5
b6 35. Bf3 Ne6 36. Rd6 Qa5 37. Bd5 Nf8 38. f4 b5 39. Rxa6 Qxa6 40. Qd3 bxc4 41.
Bxc4 Qb6 42. Qd4 Qc7 43. Qd6 Qa7 44. Rd2 Ne6 45. Qd7 Qa8 46. Bxe6 fxe6 47. b4
Qe4+ 48. Kc3 Qe3+ 49. Qd3 Rc8+ 50. Kb3 Qb6 51. Qxg6+ Kf8 52. Qd3 Kg8 53. Kxa3
Qc6 54. Kb3 Ra8 55. Qd7 Qf3+ 56. Rd3 Qg4 57. Qe7 Qf5 58. Rd8+ Rxd8 59. Qxd8+
Kh7 60. Qe7+ Kg8 61. Qd8+ Kh7 62. g6+ 1-0

[Event "Madrid-chT 1920"]
[Site "Madrid"]
[Date "2020.02.29"]
[Round "11.1"]
[White "Moreno Trujillo, Alejandro"]
[Black "Espinosa Aranda, Angel"]
[Result "0-1"]
[WhiteElo "2505"]
[BlackElo "2495"]
[PlyCount "106"]
[EventDate "2019.11.24"]
[EventType "team-tourn"]
[EventRounds "14"]
[EventCountry "ESP"]
[SourceVersionDate "2019.11.24"]
[WhiteTeam "Villalba 64"]
[BlackTeam "Virgen de Atocha"]
[WhiteTeamCountry "ESP"]
[BlackTeamCountry "ESP"]

1. d4 d5 2. c4 e6 3. Nc3 c6 4. e3 f5 5. f4 Nf6 6. Nf3 Be7 7. Bd3 O-O 8. O-O Ne4
9. Bd2 Nd7 10. Qc2 Ndf6 11. a3 Bd7 12. Ne5 Be8 13. Nxe4 fxe4 14. Be2 Nd7 15.
Nxd7 Bxd7 16. Bb4 b6 17. Bxe7 Qxe7 18. b4 a5 19. Qb3 a4 20. Qa2 g5 21. g3 gxf4
22. exf4 Qg7 23. Qd2 c5 24. Rad1 Bc6 25. cxd5 exd5 26. Rc1 c4 27. Rc3 Bd7 28.
g4 Kh8 29. Kh1 Rae8 30. Rg3 e3 31. Rxe3 Rxe3 32. Qxe3 Re8 33. Qf2 Bxg4 34. Bxg4
Qxg4 35. Rg1 Qe2 36. Qg3 Qe4+ 37. Rg2 Qe1+ 38. Rg1 Qxg3 39. hxg3 Re2 40. Rc1
Kg7 41. Kg1 Kf6 42. Rc3 Kf5 43. Kf1 Re4 44. Kf2 Rxd4 45. Kf3 h5 46. b5 Rd2 47.
Ke3 Rd1 48. Ke2 Rb1 49. Re3 d4 50. Re5+ Kf6 51. Rxh5 d3+ 52. Kd2 Rb2+ 53. Kc1
d2+ 0-1

[Event "Madrid-chT 1920"]
[Site "Madrid"]
[Date "2020.02.29"]
[Round "11.2"]
[White "Plazuelo Pascual, Juan"]
[Black "Gascon del Nogal, Jose Rafael"]
[Result "1-0"]
[WhiteElo "2444"]
[BlackElo "2441"]
[PlyCount "65"]
[EventDate "2019.11.24"]
[EventType "team-tourn"]
[EventRounds "14"]
[EventCountry "ESP"]
[SourceVersionDate "2019.11.24"]
[WhiteTeam "Virgen de Atocha"]
[BlackTeam "Villalba 64"]
[WhiteTeamCountry "ESP"]
[BlackTeamCountry "ESP"]

1. d4 Nf6 2. c4 c5 3. d5 g6 4. Nc3 Bg7 5. e4 O-O 6. Bd3 d6 7. h3 e6 8. Nf3 Nbd7
9. Bg5 exd5 10. cxd5 h6 11. Bf4 Qe7 12. O-O a6 13. Qd2 g5 14. Bh2 Nh5 15. Be2
b5 16. Nxg5 b4 17. Nd1 Nhf6 18. Nf3 Nxe4 19. Qc2 f5 20. Ne3 Nb6 21. Bd3 Bd7 22.
Rae1 Rae8 23. Nxf5 Bxf5 24. Nd2 c4 25. Bxe4 c3 26. bxc3 bxc3 27. Bxf5 Qxe1 28.
Ne4 Qxf1+ 29. Kxf1 Nc4 30. Qa4 Ne3+ 31. fxe3 Rc8 32. Bf4 c2 33. Nf6+ 1-0

[Event "Madrid-chT 1920"]
[Site "Madrid"]
[Date "2020.02.29"]
[Round "11.3"]
[White "Valles Moreno, Ivan"]
[Black "Rabadan Velasco, Raul"]
[Result "1-0"]
[WhiteElo "2415"]
[BlackElo "2188"]
[PlyCount "65"]
[EventDate "2019.11.24"]
[EventType "team-tourn"]
[EventRounds "14"]
[EventCountry "ESP"]
[SourceVersionDate "2019.11.24"]
[WhiteTeam "Villalba 64"]
[BlackTeam "Virgen de Atocha"]
[WhiteTeamCountry "ESP"]
[BlackTeamCountry "ESP"]

1. Nf3 Nc6 2. d4 d5 3. c4 Bg4 4. Qa4 Bxf3 5. gxf3 e6 6. Nc3 Bb4 7. a3 Bxc3+ 8.
bxc3 Nge7 9. Rb1 Rb8 10. cxd5 exd5 11. h4 Qd6 12. Qc2 O-O 13. h5 h6 14. Qd2 Na5
15. Qf4 Qc6 16. Rg1 Kh7 17. Qe5 Qf6 18. Qxf6 gxf6 19. Bf4 Rbc8 20. e3 f5 21.
Bd3 Rfd8 22. Ke2 c5 23. Be5 Rg8 24. Bf6 Rc7 25. Rxg8 Kxg8 26. Be5 Rd7 27. Rg1+
Kf8 28. Bg7+ Ke8 29. Bxh6 Nc4 30. Bf4 cxd4 31. cxd4 Nd6 32. h6 Ng6 33. h7 1-0

[Event "Madrid-chT 1920"]
[Site "Madrid"]
[Date "2020.02.29"]
[Round "11.4"]
[White "Vazquez Torres, Adrian"]
[Black "Khamrakulov, Ibragim S"]
[Result "0-1"]
[WhiteElo "2140"]
[BlackElo "2412"]
[PlyCount "70"]
[EventDate "2019.11.24"]
[EventType "team-tourn"]
[EventRounds "14"]
[EventCountry "ESP"]
[SourceVersionDate "2019.11.24"]
[WhiteTeam "Virgen de Atocha"]
[BlackTeam "Villalba 64"]
[WhiteTeamCountry "ESP"]
[BlackTeamCountry "ESP"]

1. e4 c5 2. Nf3 e6 3. d4 cxd4 4. Nxd4 a6 5. Bd3 Nf6 6. Be3 e5 7. Nb3 d5 8. N1d2
Ng4 9. exd5 Qxd5 10. Qf3 Qxf3 11. gxf3 Nxe3 12. fxe3 Nc6 13. Nc4 Be6 14. O-O-O
O-O-O 15. Nca5 Nxa5 16. Nxa5 Bc5 17. Nc4 f6 18. a4 b5 19. Na3 Bxe3+ 20. Kb1
bxa4 21. Bxa6+ Kc7 22. Bb5 Rxd1+ 23. Rxd1 Ra8 24. Rd3 Bd4 25. f4 Kb6 26. fxe5
fxe5 27. Kc1 Rf8 28. Rg3 g6 29. c3 Bc5 30. Bd3 Bf2 31. Rg2 e4 32. Nc4+ Kc5 33.
Nd2 Be3 34. b4+ axb3 35. Bxe4 Rd8 0-1

[Event "Madrid-chT 1920"]
[Site "Madrid"]
[Date "2020.02.29"]
[Round "11.5"]
[White "Guerrero Vargas, Andres Jesus"]
[Black "Aguilera Lopez, Alejandro"]
[Result "1/2-1/2"]
[WhiteElo "2351"]
[BlackElo "2212"]
[PlyCount "79"]
[EventDate "2019.11.24"]
[EventType "team-tourn"]
[EventRounds "14"]
[EventCountry "ESP"]
[SourceVersionDate "2019.11.24"]
[WhiteTeam "Villalba 64"]
[BlackTeam "Virgen de Atocha"]
[WhiteTeamCountry "ESP"]
[BlackTeamCountry "ESP"]

1. e4 c5 2. Nf3 e6 3. c4 Nc6 4. Nc3 e5 5. d3 d6 6. g3 Be7 7. Bg2 Be6 8. O-O Qd7
9. a3 h5 10. h4 Bg4 11. Qa4 Nd4 12. Qxd7+ Kxd7 13. Nxd4 cxd4 14. f3 Be6 15. Nd5
Bxd5 16. cxd5 Kd8 17. Bd2 Nf6 18. Rac1 Nd7 19. Rc2 Rc8 20. Rxc8+ Kxc8 21. Bh3
Rd8 22. Ba5 b6 23. Be1 Kb7 24. b4 b5 25. f4 f6 26. Bd2 Nb6 27. Kf2 Na4 28. Rd1
Rb8 29. Bf5 a6 30. Ke2 Rh8 31. Be6 Rf8 32. Rg1 Nc3+ 33. Bxc3 dxc3 34. g4 exf4
35. gxh5 Kb6 36. Rxg7 f5 37. Bxf5 Bf6 38. Rg1 Bd4 39. Rc1 Rg8 40. Bg6 1/2-1/2

[Event "Madrid-chT 1920"]
[Site "Madrid"]
[Date "2020.02.29"]
[Round "11.6"]
[White "Rodrigo Yanguas, Maria"]
[Black "Lopez del Alamo, Antonio"]
[Result "0-1"]
[WhiteElo "2096"]
[BlackElo "2271"]
[PlyCount "69"]
[EventDate "2019.11.24"]
[EventType "team-tourn"]
[EventRounds "14"]
[EventCountry "ESP"]
[SourceVersionDate "2019.11.24"]
[WhiteTeam "Virgen de Atocha"]
[BlackTeam "Villalba 64"]
[WhiteTeamCountry "ESP"]
[BlackTeamCountry "ESP"]
[TimeControl "60"]

{600MB, Fritz11.ctg} 1. e4 c5 2. c3 Nf6 3. e5 Nd5 4. d4 cxd4 5. Qxd4 e6 6. Nf3
Nc6 7. Qe4 f5 8. Qe2 Qc7 9. g3 Nde7 10. Na3 Ng6 11. Nc4 b5 12. Nd6+ Bxd6 13.
exd6 Qxd6 14. Bg2 O-O 15. O-O Rb8 16. Rd1 Qc7 17. h4 d6 18. a4 a6 19. axb5 axb5
20. Ng5 Rf6 21. b3 h6 22. Nf3 Nge7 23. c4 b4 24. Bb2 Rf8 25. Qd2 Rd8 26. h5 e5
27. Nh4 Be6 28. Bd5 Bxd5 29. cxd5 Na5 30. Qd3 Nb7 31. Nxf5 Nxf5 32. Qxf5 Nc5
33. Rac1 Rf8 34. Qc2 Rbc8 35. Qe4 0-1